000 00805nam a22002652a 4500
001 25074
003 BD-RjUL
005 20211209050827.0
008 140316s1979 ii af b 001 0beng d
035 _aOCLC ocm10065414 from D950731M
_a(BD-RjUL)25143
040 _aEEM
_cEEM
_dBD-RjUL
_beng
041 _aeng
082 _a891.4434
_bDAR 1979
090 _aDS461.9.T6
_bD3 1979
100 1 _aDas, Kumudranjan,
_d1931-
_977133
245 1 0 _aRaja Todar Mal /
_cKumudranjan Das
250 _a1st ed
260 _aCalcutta :
_bSaraswat Library,
_c1979.
300 _axii, 325 p., [6] leaves of plates :
_bill. ;
_c23 cm
500 _aIncludes index.
504 _aBibliography: p. [296] -316
600 0 0 _aṬoḍaramalla,
_d-1589.
_978586
650 _aṬoḍaramalla, -1589
_977135
942 _2ddc
_cBK
999 _c25074
_d25074